Evaluación del efecto de las condiciones de operación y la composición de los catalizadores preparados en la reacción de deshidratación de etanol para la producción de etileno
保存先:
| 第一著者: | |
|---|---|
| その他の著者: | |
| フォーマット: | 図書 |
| 言語: | Spanish |
| 出版事項: |
San José,[Costa Rica]
2022
|
| 主題: |
MICROSCOPIA ELECTRONICA DE EXPLORACION
> ETILENO - PRODUCCION- EVALUACION
> CATALIZADORES- EVALUACION
> ALCOHOL - EFECTO DE LA TEMPERATURA - METODOS DE SIMULACION
> EXTRACCION (QUIMICA)
> CATALIZADORES DE COBRE - PRUEBAS
> DIFRACCION DE RAYOS X
> ESPECTROMETRIA
> MICROSCOPIA ELECTRONICA DE TRANSMISION
|
| タグ: |
タグ追加
タグなし, このレコードへの初めてのタグを付けませんか!
|
MARC
| LEADER | 00000nam a2200000Ia 4500 | ||
|---|---|---|---|
| 003 | 013583 | ||
| 005 | 20230413152053.0 | ||
| 008 | 140114s2022 cr a 000 ||spa d | ||
| 040 | |c cru CEDI | ||
| 100 | |a Gaitán Chavarría, Emily Priscilla, 1996- |9 417 | ||
| 245 | |a Evaluación del efecto de las condiciones de operación y la composición de los catalizadores preparados en la reacción de deshidratación de etanol para la producción de etileno | ||
| 260 | |a San José,[Costa Rica] |c 2022 | ||
| 500 | |a Proyecto de graduación (licenciatura en ingeniería química)--Universidad de Costa Rica. Facultad de Ingeniería. Escuela de Ingeniería Química | ||
| 501 | |a Directora de Proyecto de Graduación: Dr. Ing. Bárbara Miranda Morales | ||
| 650 | |x MICROSCOPIA ELECTRONICA DE EXPLORACION |x ETILENO - PRODUCCION- EVALUACION |x CATALIZADORES- EVALUACION |x ALCOHOL - EFECTO DE LA TEMPERATURA - METODOS DE SIMULACION |x EXTRACCION (QUIMICA) |x CATALIZADORES DE COBRE - PRUEBAS |x DIFRACCION DE RAYOS X |x ESPECTROMETRIA |x MICROSCOPIA ELECTRONICA DE TRANSMISION | ||
| 700 | |9 10 |a Miranda Morales, Bárbara Cristina, 1983- |d Directora del TFG | ||
| 942 | |c CEDI |h TFG 8734 |6 TFG_8734_000000000000000 | ||
| 999 | |c 22086 |d 22086 | ||
